000 00555nam a22001817a 4500
003 NUST - PNEC
005 20170116180905.0
008 150902b xxu||||| |||| 00| 0 eng d
020 _a0024049603
040 _cLIBRARY
082 _a620.106 SAB
100 _96605
_aSabersky, Rolf H., Acosta, Allan J. and Hauptmann, Edward G.
245 _aFluid flow : a first course in fluid mechanics
_cRolf H. Sabersky, Allan J. Acosta and Edward G. Hauptmann
250 _a3rd ed.
260 _cc.1989
650 _96612
_aFluid dynamics
_xME
942 _2ddc
_cBK
999 _c65076
_d65076